Statistics for Flags and more of the Former German Colonies

Click here to take the quiz!

General Stats

  • This quiz has been taken 51 times
  • The average score is 15 of 24

Answer Stats

Answer% Correct
Papua New Guinea
81%
Samoa
81%
Tanzania
81%
Cameroon
79%
Namibia
79%
Togo
79%
Cameroon
75%
Namibia
75%
Samoa
73%
Tanzania
73%
Papua New Guinea
69%
Togo
69%
German {East Africa}
65%
German {Samoa}
63%
German {Samoa}
54%
German {New Guinea}
52%
German {Togoland}
52%
German {Kamerun}
50%
German {Southwest Africa}
48%
German {East Africa}
46%
German {Kamerun}
46%
German {New Guinea}
46%
German {Togoland}
46%
German {Southwest Africa}
42%

Score Distribution

Percentile by Number Answered

Percent of People with Each Score

Your Score History

You have not taken this quiz